[Event "South Wales New Year 2020"]
[Site "Bridgend"]
[Date "2020.01.05"]
[Round "4.9"]
[White "Payne, David J"]
[Black "Sivarajasingam, Venetia"]
[Result "0-1"]
[WhiteElo "1943"]
[BlackElo "1742"]
[PlyCount "112"]
[EventDate "2020.01.03"]
[EventType "swiss"]
[EventRounds "5"]
[EventCountry "WLS"]
[SourceDate "2020.01.04"]

1. c4 Nf6 2. g3 e6 3. Bg2 d5 4. cxd5 exd5 5. d4 c6 6. Nf3 Bd6 7. O-O Bf5 8.
Nbd2 O-O 9. Nh4 Bg6 10. Nxg6 hxg6 11. e4 dxe4 12. Nxe4 Bc7 13. Bg5 Nbd7 14. Bh3
Nb6 15. Re1 Nbd5 16. Qf3 Ba5 17. Re2 Bb4 18. a3 Be7 19. Rae1 Qb6 20. Nxf6+ Bxf6
21. Bxf6 Nxf6 22. Rd1 Rad8 23. Red2 Rd6 24. Bg2 Rfd8 25. Qc3 Qb5 26. b4 Qb6 27.
Qc5 Nd5 28. Bxd5 Rxd5 29. Qxb6 axb6 30. Kf1 c5 31. bxc5 bxc5 32. Ke2 c4 33. Rc1
Rc8 34. Rc3 b5 35. f4 Kf8 36. Kf3 Ke7 37. h4 Kd6 38. Ke3 Re8+ 39. Kf3 Ra8 40.
Ke3 Kc6 41. Kf3 f5 42. Rd1 Kb6 43. Rd2 Ka5 44. Rd1 Re8 45. Rd2 Re4 46. Kf2
Rexd4 47. Rxd4 Rxd4 48. Ke3 Rd1 49. Ke2 Ra1 50. Re3 Ra2+ 51. Kd1 Ka4 52. Re7
Kxa3 53. Rxg7 c3 54. Rxg6 c2+ 55. Kd2 Kb2 56. Rc6 Kb1 0-1

[Event "South Wales New Year 2020"]
[Site "Bridgend"]
[Date "2020.01.05"]
[Round "4.10"]
[White "Greatorex, Roger"]
[Black "Fathallah, Joe"]
[Result "1/2-1/2"]
[WhiteElo "1729"]
[BlackElo "1919"]
[PlyCount "133"]
[EventDate "2020.01.03"]
[EventType "swiss"]
[EventRounds "5"]
[EventCountry "WLS"]
[SourceDate "2020.01.04"]

1. d4 f5 2. c4 Nf6 3. Nc3 d6 4. f3 c6 5. e4 Qc7 6. Bg5 g6 7. Bxf6 exf6 8. Qd2
Bg7 9. Bd3 fxe4 10. fxe4 Na6 11. Nge2 Be6 12. d5 Bf7 13. O-O Nc5 14. Kh1 a5 15.
Bc2 O-O 16. Na4 Nd7 17. Rad1 c5 18. b3 Ne5 19. Qf4 Rae8 20. h4 Qd7 21. Ng3 Qg4
22. Qxg4 Nxg4 23. Rf3 h5 24. Nf1 Bh6 25. Nc3 Kg7 26. Nb5 Rd8 27. g3 Rfe8 28.
Kg2 Re7 29. Nc3 Be8 30. Bb1 Bd7 31. Re1 Ne5 32. Rf2 g5 33. Nh2 gxh4 34. gxh4
Ng4 35. Nxg4 Bxg4 36. Ref1 Rf8 37. e5 dxe5 38. Ne4 f5 39. Nxc5 f4 40. Ne4 f3+
41. Rxf3 Bxf3+ 42. Rxf3 Rxf3 43. Kxf3 Rf7+ 44. Ke2 b6 45. Nd6 Rf4 46. Nf5+ Kf6
47. Nxh6 Rxh4 48. Nf5 Rh2+ 49. Kf3 Rb2 50. Be4 Rxa2 51. d6 Ke6 52. Bc6 Rd2 53.
Ke3 Rd1 54. d7 Rxd7 55. Bxd7+ Kxd7 56. Ke4 Kc6 57. Kxe5 Kc5 58. Ne3 Kb4 59.
Nd5+ Kc5 60. Ke4 h4 61. Nf4 h3 62. Nxh3 Kb4 63. Kd3 Kxb3 64. Nf2 a4 65. Ne4 a3
66. Nc3 Kb2 67. Kd2 1/2-1/2

[Event "South Wales New Year 2020"]
[Site "Bridgend"]
[Date "2020.01.05"]
[Round "4.11"]
[White "Downey, Keith"]
[Black "Turner, Joseph David"]
[Result "0-1"]
[WhiteElo "1820"]
[BlackElo "1851"]
[PlyCount "56"]
[EventDate "2020.01.03"]
[EventType "swiss"]
[EventRounds "5"]
[EventCountry "WLS"]
[SourceDate "2020.01.04"]

1. Nf3 Nf6 2. b3 g6 3. Bb2 Bg7 4. g3 O-O 5. Bg2 c6 6. O-O d6 7. d4 Re8 8. c4
Qc7 9. Nc3 Nbd7 10. e4 e5 11. h3 a6 12. Rc1 exd4 13. Nxd4 Nc5 14. Re1 Ne6 15.
Nxe6 Bxe6 16. Qd2 Qd7 17. Kh2 Rad8 18. Rcd1 Qc7 19. Qc1 h5 20. Kg1 Qc8 21. Kh2
b5 22. cxb5 axb5 23. Ne2 d5 24. Qa1 Nxe4 25. Bxg7 f6 26. Bxf6 Nxf2 27. Bxd8
Bxh3 28. Qf6 Ng4+ 0-1

[Event "South Wales New Year 2020"]
[Site "Bridgend"]
[Date "2020.01.05"]
[Round "4.12"]
[White "Thomas, Roy"]
[Black "Morgans, Justin"]
[Result "1-0"]
[WhiteElo "1689"]
[BlackElo "1613"]
[PlyCount "113"]
[EventDate "2020.01.03"]
[EventType "swiss"]
[EventRounds "5"]
[EventCountry "WLS"]
[SourceDate "2020.01.04"]

1. f4 b6 2. Nf3 Bb7 3. e3 e6 4. Be2 Nc6 5. O-O Qe7 6. Nc3 h5 7. Nb5 d6 8. a4
Nf6 9. b3 h4 10. Bb2 h3 11. g3 Ne4 12. d3 Nf6 13. e4 e5 14. fxe5 dxe5 15. Nh4
Qd7 16. c3 a6 17. Na3 Bc5+ 18. Kh1 Ne7 19. Nc4 Bd6 20. Nxd6+ cxd6 21. Nf5 Nxf5
22. Qd2 Nh6 23. Qg5 Nxe4 24. dxe4 Bxe4+ 25. Bf3 Qc6 26. Qe3 Bxf3+ 27. Rxf3 g5
28. Kg1 g4 29. Rf2 O-O-O 30. c4 Rde8 31. b4 Kb7 32. Rc1 f5 33. c5 f4 34. gxf4
g3 35. cxb6 gxh2+ 36. Rxh2 Rhg8+ 37. Kf1 Qxb6 38. Qxb6+ Kxb6 39. Rxh3 Ng4 40.
fxe5 dxe5 41. b5 axb5 42. axb5 Kxb5 43. Rb3+ Ka4 44. Rb7 Ref8+ 45. Ke1 Rf1+ 46.
Kxf1 Ne3+ 47. Ke2 Nc2 48. Rxc2 Rg2+ 49. Kd1 Rg1+ 50. Kd2 Rg2+ 51. Kc3 Rg3+ 52.
Kc4 Rg4+ 53. Kd3 e4+ 54. Ke3 Rh4 55. Bc1 Rh3+ 56. Kxe4 Rh4+ 57. Kf5 1-0

[Event "South Wales New Year 2020"]
[Site "Bridgend"]
[Date "2020.01.05"]
[Round "4.13"]
[White "Ong, Weng Yan"]
[Black "Buttell, David"]
[Result "1/2-1/2"]
[WhiteElo "1653"]
[BlackElo "1805"]
[PlyCount "102"]
[EventDate "2020.01.03"]
[EventType "swiss"]
[EventRounds "5"]
[EventCountry "WLS"]
[SourceDate "2020.01.04"]

1. e4 c5 2. Nf3 d6 3. Bb5+ Bd7 4. Bxd7+ Qxd7 5. O-O Nc6 6. c3 Nf6 7. Re1 e5 8.
c4 Be7 9. d3 O-O 10. Nc3 a6 11. Bg5 Ne8 12. Be3 Nc7 13. Na4 Rab8 14. Nb6 Qd8
15. Qb1 Ne6 16. Nd5 Bg5 17. Nxg5 Nxg5 18. f4 exf4 19. Bxf4 Ne6 20. Qc1 Nxf4 21.
Qxf4 Ne5 22. Rad1 b5 23. b3 Ng6 24. Qg3 Qd7 25. Ne3 Qe6 26. Nf5 Rbd8 27. Nh4
Nxh4 28. Qxh4 Qe5 29. Qf2 f5 30. exf5 Qxf5 31. Qxf5 Rxf5 32. d4 bxc4 33. bxc4
Rb8 34. dxc5 dxc5 35. Rd6 Rf4 36. Rc1 Rb2 37. Rxa6 Rff2 38. Ra8+ Kf7 39. Rf1
Rxf1+ 40. Kxf1 Rb4 41. a4 Rxc4 42. a5 Ra4 43. a6 Ra2 44. Rc8 Rxa6 45. Rxc5 Rf6+
46. Ke2 h6 47. Rc3 g5 48. Rf3 h5 49. Rxf6+ Kxf6 50. Kf3 Kf5 51. g3 Ke5 1/2-1/2

[Event "South Wales New Year 2020"]
[Site "Bridgend"]
[Date "2020.01.05"]
[Round "4.14"]
[White "Pinch, David"]
[Black "Denham-Kennedy, Colin"]
[Result "1-0"]
[WhiteElo "1669"]
[BlackElo "1638"]
[PlyCount "111"]
[EventDate "2020.01.03"]
[EventType "swiss"]
[EventRounds "5"]
[EventCountry "WLS"]
[SourceDate "2020.01.04"]

1. Nf3 d5 2. d4 Bf5 3. c4 e6 4. Nc3 c6 5. Qb3 Qc8 6. Bf4 Nd7 7. Rc1 dxc4 8.
Qxc4 Ngf6 9. e3 Nb6 10. Qe2 Nbd5 11. Nxd5 Nxd5 12. Bg3 Bb4+ 13. Nd2 Nf6 14. a3
Bxd2+ 15. Qxd2 Ne4 16. Qb4 Nxg3 17. hxg3 Qd7 18. Be2 Rd8 19. O-O Qe7 20. Qc5
Qxc5 21. Rxc5 Rd5 22. Rfc1 O-O 23. b4 Rxc5 24. Rxc5 a6 25. f3 f6 26. Kf2 Bg6
27. Ke1 Bf7 28. Kd2 Rd8 29. Kc3 Kf8 30. a4 Be8 31. g4 h6 32. a5 Ke7 33. f4 Rd5
34. Kc4 Kd6 35. Bd3 Bf7 36. e4 Rxc5+ 37. bxc5+ Kd7 38. e5 fxe5 39. dxe5 g6 40.
Kd4 h5 41. Ke3 hxg4 42. Kf2 Ke7 43. Kg3 Kf8 44. Kxg4 Kg7 45. Kg5 Be8 46. Bc4
Bf7 47. g4 Bg8 48. f5 gxf5 49. gxf5 exf5 50. Bxg8 Kxg8 51. Kxf5 Kf7 52. e6+ Ke7
53. Ke5 Ke8 54. Kd6 Kd8 55. e7+ Ke8 56. Ke6 1-0

[Event "South Wales New Year 2020"]
[Site "Bridgend"]
[Date "2020.01.05"]
[Round "4.15"]
[White "Chung, Joel"]
[Black "Bennett, Tom"]
[Result "0-1"]
[WhiteElo "1486"]
[BlackElo "1594"]
[PlyCount "62"]
[EventDate "2020.01.03"]
[EventType "swiss"]
[EventRounds "5"]
[EventCountry "WLS"]
[SourceDate "2020.01.04"]

1. e4 b6 2. d4 Bb7 3. Nc3 e6 4. f4 Bb4 5. Nge2 Bxe4 6. a3 Bxc3+ 7. Nxc3 Bb7 8.
Qg4 Qf6 9. Be3 Nh6 10. Qg5 Qxg5 11. fxg5 Nf5 12. Bf2 Nc6 13. d5 Nce7 14. dxe6
fxe6 15. O-O-O O-O-O 16. Rg1 Nc6 17. g4 Nfe7 18. Bg3 Rhf8 19. Bg2 Rf7 20. Rd2
Ng6 21. Re1 a6 22. Ne2 Nge5 23. Nd4 Nxd4 24. Bxb7+ Kxb7 25. Rxd4 Nf3 26. Ree4
Nxg5 27. Re5 Nf3 28. Rxe6 dxe6 29. Rxd8 Ng5 30. Re8 Ne4 31. Rxe6 Rf1+ 0-1

[Event "South Wales New Year 2020"]
[Site "Bridgend"]
[Date "2020.01.05"]
[Round "5.1"]
[White "Kozusek, Daniel"]
[Black "Toczek, Grzegorz"]
[Result "1/2-1/2"]
[WhiteElo "2335"]
[BlackElo "2263"]
[PlyCount "78"]
[EventDate "2020.01.03"]
[EventType "swiss"]
[EventRounds "5"]
[EventCountry "WLS"]
[SourceDate "2020.01.04"]

1. d4 Nf6 2. c4 c5 3. d5 e6 4. Nc3 exd5 5. cxd5 d6 6. Nf3 g6 7. Bf4 a6 8. Nd2
b5 9. a4 Nh5 10. Be3 b4 11. Nce4 Nd7 12. Nc4 Ndf6 13. Bg5 h6 14. Nxf6+ Nxf6 15.
Bh4 g5 16. Bg3 Ne4 17. e3 Bg7 18. Bd3 Nxg3 19. hxg3 a5 20. g4 Ra7 21. Qe2 Bb7
22. Qf3 Ba6 23. Rb1 Bxc4 24. Bxc4 Qf6 25. Bb5+ Kf8 26. Qe2 Qe5 27. Bc6 Bf6 28.
Qc4 Kg7 29. Ke2 Re7 30. b3 Qd4 31. Qxd4 cxd4 32. Rh3 Rc8 33. Kd3 dxe3 34. Rxe3
Rxe3+ 35. fxe3 Rc7 36. Re1 Bd8 37. e4 Re7 38. Rh1 Kg6 39. Rh3 Bb6 1/2-1/2

[Event "South Wales New Year 2020"]
[Site "Bridgend"]
[Date "2020.01.05"]
[Round "5.2"]
[White "Gay, Conor"]
[Black "Gay, Simon"]
[Result "0-1"]
[WhiteElo "1946"]
[BlackElo "1863"]
[PlyCount "64"]
[EventDate "2020.01.03"]
[EventType "swiss"]
[EventRounds "5"]
[EventCountry "WLS"]
[SourceDate "2020.01.04"]

1. e4 d6 2. d4 Nf6 3. Nc3 g6 4. f4 Bg7 5. Nf3 O-O 6. Bd3 c6 7. O-O Qc7 8. a4
Nbd7 9. e5 Nd5 10. Nxd5 cxd5 11. e6 fxe6 12. Ng5 Nf6 13. Qe2 Ne4 14. Bxe4 Bxd4+
15. Be3 Bxe3+ 16. Qxe3 dxe4 17. Qxe4 Rf6 18. Qd3 Bd7 19. Qh3 h5 20. Qb3 Raf8
21. Rae1 Qc5+ 22. Qe3 Qxe3+ 23. Rxe3 Rxf4 24. Rxf4 Rxf4 25. Nxe6 Bxe6 26. Rxe6
Kf7 27. Re3 Rxa4 28. Rb3 b6 29. Kf2 Rc4 30. c3 d5 31. Ra3 a5 32. Ra1 a4 0-1

[Event "South Wales New Year 2020"]
[Site "Bridgend"]
[Date "2020.01.05"]
[Round "5.3"]
[White "Van Kemenade, Rudy"]
[Black "Bevan, Peter M"]
[Result "1/2-1/2"]
[WhiteElo "1883"]
[BlackElo "1889"]
[PlyCount "109"]
[EventDate "2020.01.03"]
[EventType "swiss"]
[EventRounds "5"]
[EventCountry "WLS"]
[SourceDate "2020.01.04"]

1. d4 Nf6 2. c4 e6 3. g3 d5 4. Nf3 dxc4 5. Qa4+ Nbd7 6. Bg2 c5 7. O-O cxd4 8.
Nxd4 Bc5 9. Qxc4 Qb6 10. Nb3 Qb4 11. Qc2 Bb6 12. Bd2 Qg4 13. Ba5 O-O 14. h3 Qg6
15. Qxg6 hxg6 16. Bb4 Re8 17. N1d2 Nd5 18. Bd6 a5 19. Rac1 Ra6 20. Nc4 Bd8 21.
Ba3 Nb4 22. Rfd1 Be7 23. Ncxa5 Rb6 24. Rxc8 Rxc8 25. Rxd7 Bf6 26. Nxb7 Nxa2 27.
N3c5 Bxb2 28. Na4 Rxb7 29. Rxb7 Bxa3 30. Nb6 Rc1+ 31. Kh2 Nc3 32. Rb8+ Kh7 33.
Nc4 Bc5 34. Rc8 Bxf2 35. Bf3 Nd5 36. Kg2 Bd4 37. Bxd5 exd5 38. Nd6 Rxc8 39.
Nxc8 Bc5 40. Kf3 Kg8 41. e4 Kf8 42. exd5 Ke8 43. d6 Kd7 44. Ne7 Kxd6 45. Ng8
Ke5 46. h4 f5 47. g4 fxg4+ 48. Kxg4 Ke6 49. h5 gxh5+ 50. Kxh5 Kf7 51. Nh6+ Kf6
52. Ng4+ Kf5 53. Nh6+ Ke6 54. Kg6 Bd4 55. Nf5 1/2-1/2

[Event "South Wales New Year 2020"]
[Site "Bridgend"]
[Date "2020.01.05"]
[Round "5.5"]
[White "Clark, Ian C"]
[Black "Smith, Lynda"]
[Result "1/2-1/2"]
[WhiteElo "1957"]
[BlackElo "1793"]
[PlyCount "56"]
[EventDate "2020.01.03"]
[EventType "swiss"]
[EventRounds "5"]
[EventCountry "WLS"]
[SourceDate "2020.01.04"]

1. e4 c5 2. Nf3 g6 3. d4 cxd4 4. Nxd4 Nc6 5. Be3 Nf6 6. Nc3 Bg7 7. Bb5 O-O 8.
O-O a6 9. Bxc6 bxc6 10. e5 Nd5 11. Nxd5 cxd5 12. Nb3 d6 13. exd6 Qxd6 14. c3
Be6 15. Re1 Rfc8 16. Qe2 Bd7 17. Bd4 e6 18. Qe3 Bxd4 19. Nxd4 Rab8 20. Rab1 Rb7
21. Nf3 f6 22. h3 e5 23. Qd2 Rcb8 24. b3 Qc6 25. Red1 Be6 26. Ne1 a5 27. Nc2
Bf5 28. Rbc1 Bxc2 1/2-1/2

[Event "South Wales New Year 2020"]
[Site "Bridgend"]
[Date "2020.01.05"]
[Round "5.6"]
[White "Sivarajasingam, Venetia"]
[Black "Robinson, David"]
[Result "1-0"]
[WhiteElo "1742"]
[BlackElo "1860"]
[PlyCount "71"]
[EventDate "2020.01.03"]
[EventType "swiss"]
[EventRounds "5"]
[EventCountry "WLS"]
[SourceDate "2020.01.04"]

1. e4 d5 2. exd5 Qxd5 3. Nc3 Qa5 4. d4 Nf6 5. Bd2 c6 6. Nf3 Bf5 7. Bc4 e6 8.
Qe2 Bb4 9. a3 Nbd7 10. O-O Bxc3 11. Bxc3 Qc7 12. Rfe1 O-O 13. Ne5 Nxe5 14. dxe5
Nd5 15. Bd2 b5 16. Bb3 a5 17. a4 b4 18. h4 f6 19. exf6 Rxf6 20. Bg5 Rg6 21. g3
h6 22. Bd2 Rf8 23. Qe5 Qb6 24. Bxd5 exd5 25. Be3 Qd8 26. Bc5 Rf7 27. Qe8+ Qxe8
28. Rxe8+ Kh7 29. Rc1 Re6 30. Rxe6 Bxe6 31. Bb6 Bf5 32. Bxa5 Rb7 33. Bd8 c5 34.
a5 c4 35. Bb6 Be4 36. Bd4 1-0

[Event "South Wales New Year 2020"]
[Site "Bridgend"]
[Date "2020.01.05"]
[Round "5.7"]
[White "Britton, Richard L"]
[Black "Greatorex, Roger"]
[Result "1-0"]
[WhiteElo "2162"]
[BlackElo "1729"]
[PlyCount "77"]
[EventDate "2020.01.03"]
[EventType "swiss"]
[EventRounds "5"]
[EventCountry "WLS"]
[SourceDate "2020.01.04"]

1. e4 d6 2. d4 Nf6 3. Nc3 g6 4. Nf3 Bg7 5. Be3 Nbd7 6. Qd2 Ng4 7. Bg5 f6 8. Bh4
O-O 9. Bc4+ Kh8 10. h3 Nh6 11. O-O-O Nb6 12. Bb3 a5 13. a3 a4 14. Ba2 Nf7 15.
Kb1 Bd7 16. Rhe1 Qe8 17. Nd5 Nxd5 18. exd5 Qd8 19. Qe2 Re8 20. c3 Bf5+ 21. Ka1
Bh6 22. g4 Bd7 23. Ng1 Bg7 24. f4 Qc8 25. Nf3 Kg8 26. Nd2 Nh6 27. Bg3 Nf7 28.
Qc4 Kf8 29. Re3 Bh6 30. Rde1 Qd8 31. Qe2 Bg7 32. Bh2 Bh6 33. h4 Kg8 34. h5 g5
35. f5 Bf8 36. c4 h6 37. c5 Kg7 38. Rc1 c6 39. Qc4 1-0

[Event "South Wales New Year 2020"]
[Site "Bridgend"]
[Date "2020.01.05"]
[Round "5.8"]
[White "Pleasants, Allan J"]
[Black "Sivarajasingam, Shayanna"]
[Result "1/2-1/2"]
[WhiteElo "2046"]
[BlackElo "1778"]
[PlyCount "30"]
[EventDate "2020.01.03"]
[EventType "swiss"]
[EventRounds "5"]
[EventCountry "WLS"]
[SourceDate "2020.01.04"]

1. Nf3 Nf6 2. g3 d5 3. Bg2 e6 4. O-O Be7 5. d3 O-O 6. Nbd2 c5 7. e4 dxe4 8.
dxe4 Nc6 9. b3 Qc7 10. Re1 Rd8 11. e5 Nd7 12. Bb2 b6 13. a3 Bb7 14. Qe2 Rac8
15. c4 Nf8 1/2-1/2

[Event "South Wales New Year 2020"]
[Site "Bridgend"]
[Date "2020.01.05"]
[Round "5.9"]
[White "Fathallah, Joe"]
[Black "Thomas, Roy"]
[Result "1-0"]
[WhiteElo "1919"]
[BlackElo "1689"]
[PlyCount "53"]
[EventDate "2020.01.03"]
[EventType "swiss"]
[EventRounds "5"]
[EventCountry "WLS"]
[SourceDate "2020.01.04"]

1. d4 e6 2. e4 b6 3. Bd3 Bb7 4. c4 Nc6 5. Be3 Nb4 6. Nc3 Nxd3+ 7. Qxd3 Nf6 8.
Nf3 d5 9. cxd5 exd5 10. e5 Ne4 11. O-O Be7 12. Nd2 Nxd2 13. Qxd2 O-O 14. f4 c5
15. f5 cxd4 16. Bxd4 Bg5 17. Qe2 Qc7 18. f6 Bh6 19. Rad1 Rad8 20. Qh5 b5 21.
Rf3 b4 22. Rg3 Kh8 23. Rh3 Rg8 24. e6 bxc3 25. fxg7+ Rxg7 26. Qxh6 Rdg8 27.
Qxh7# 1-0

[Event "South Wales New Year 2020"]
[Site "Bridgend"]
[Date "2020.01.05"]
[Round "5.10"]
[White "Turner, Joseph David"]
[Black "Dixon, Chris"]
[Result "1-0"]
[WhiteElo "1851"]
[BlackElo "1748"]
[PlyCount "89"]
[EventDate "2020.01.03"]
[EventType "swiss"]
[EventRounds "5"]
[EventCountry "WLS"]
[SourceDate "2020.01.04"]

1. e4 e5 2. Qh5 Qe7 3. Nc3 c6 4. Nf3 d6 5. h3 g6 6. Qh4 Qxh4 7. Nxh4 Bg7 8. Bc4
b5 9. Nxb5 Kd7 10. Nc3 Nh6 11. d3 Rf8 12. g4 Na6 13. Be3 Nc7 14. O-O-O Ne6 15.
Ne2 c5 16. f4 Nd4 17. Nxd4 exd4 18. Bd2 Bb7 19. Rhg1 Ng8 20. f5 Be5 21. Nf3 Bc6
22. Ng5 Nf6 23. Nxf7 Ke7 24. Nxe5 dxe5 25. b4 Nd7 26. b5 Bb7 27. Bh6 Rfb8 28.
fxg6 hxg6 29. Rdf1 a6 30. Rf7+ Kd6 31. Rgf1 axb5 32. Bxb5 Bc6 33. Bc4 Rb4 34.
Bb3 Ba4 35. Bd5 Rab8 36. Bf8+ Kc7 37. Bb3 Bxb3 38. axb3 R4b5 39. R1f6 R5b6 40.
Rxb6 Kxb6 41. Rxd7 Rxf8 42. Rd6+ Kb5 43. Rxg6 Rf1+ 44. Kb2 Rh1 45. Rh6 1-0

[Event "South Wales New Year 2020"]
[Site "Bridgend"]
[Date "2020.01.05"]
[Round "5.11"]
[White "Payne, David J"]
[Black "Smith, George"]
[Result "0-1"]
[WhiteElo "1943"]
[BlackElo "1531"]
[PlyCount "76"]
[EventDate "2020.01.03"]
[EventType "swiss"]
[EventRounds "5"]
[EventCountry "WLS"]
[SourceDate "2020.01.04"]

1. d4 d5 2. Nf3 c6 3. e3 e6 4. Bd3 f5 5. Nbd2 Nf6 6. Ne5 Bd6 7. b3 O-O 8. Bb2
Nbd7 9. c4 Bb4 10. a3 Nxe5 11. dxe5 Bxd2+ 12. Qxd2 Ne4 13. Qc2 b6 14. h4 Nc5
15. Be2 Bb7 16. O-O-O Qe7 17. h5 b5 18. h6 g6 19. f3 bxc4 20. bxc4 Ba6 21. Rdg1
Rab8 22. g4 Rb7 23. gxf5 exf5 24. Kd2 Qe6 25. Ke1 Bxc4 26. Rh4 Bxe2 27. Kxe2
Rfb8 28. Bc3 Nd7 29. f4 Qe7 30. Rxg6+ hxg6 31. h7+ Kg7 32. e6+ Nf6 33. h8=Q+
Rxh8 34. Rxh8 Kxh8 35. Bxf6+ Qxf6 36. Qxc6 Qe7 37. Qxd5 Rb2+ 38. Kf1 Rb6 0-1

[Event "South Wales New Year 2020"]
[Site "Bridgend"]
[Date "2020.01.05"]
[Round "5.12"]
[White "Bennett, Tom"]
[Black "Pinch, David"]
[Result "0-1"]
[WhiteElo "1594"]
[BlackElo "1669"]
[PlyCount "42"]
[EventDate "2020.01.03"]
[EventType "swiss"]
[EventRounds "5"]
[EventCountry "WLS"]
[SourceDate "2020.01.04"]

1. b3 Nf6 2. Bb2 b6 3. c4 Bb7 4. Nf3 e6 5. Nc3 Be7 6. g3 d5 7. cxd5 exd5 8. Nb5
Qd7 9. e3 Nc6 10. Nbd4 Nxd4 11. Bxd4 O-O 12. Bg2 c5 13. Bxf6 Bxf6 14. d4 Ba6
15. Rc1 Rac8 16. Ng1 cxd4 17. Rxc8 Rxc8 18. exd4 Re8+ 19. Kd2 Qf5 20. Nf3 Qd3+
21. Kc1 Rc8+ 0-1

[Event "South Wales New Year 2020"]
[Site "Bridgend"]
[Date "2020.01.05"]
[Round "5.13"]
[White "Buttell, David"]
[Black "Downey, Keith"]
[Result "1/2-1/2"]
[WhiteElo "1805"]
[BlackElo "1820"]
[PlyCount "54"]
[EventDate "2020.01.03"]
[EventType "swiss"]
[EventRounds "5"]
[EventCountry "WLS"]
[SourceDate "2020.01.04"]

1. d4 Nf6 2. c4 e6 3. Nf3 b6 4. g3 Bb7 5. Bg2 Be7 6. O-O O-O 7. b3 d5 8. Bb2
Nbd7 9. Nbd2 Rc8 10. Rc1 c5 11. e3 Ne4 12. Nxe4 dxe4 13. Nd2 f5 14. f3 cxd4 15.
exd4 exf3 16. Bxf3 Bxf3 17. Nxf3 Nf6 18. Re1 Ne4 19. Kg2 Bf6 20. Qe2 Re8 21.
Rcd1 Qc7 22. Nd2 Nd6 23. Qf3 Qd7 24. Ba1 Kh8 25. h4 Nf7 26. Nf1 Nd6 27. Nd2 Nf7
1/2-1/2

[Event "South Wales New Year 2020"]
[Site "Bridgend"]
[Date "2020.01.05"]
[Round "5.14"]
[White "Morgans, Justin"]
[Black "Ong, Weng Yan"]
[Result "0-1"]
[WhiteElo "1613"]
[BlackElo "1653"]
[PlyCount "52"]
[EventDate "2020.01.03"]
[EventType "swiss"]
[EventRounds "5"]
[EventCountry "WLS"]
[SourceDate "2020.01.04"]

1. e4 e6 2. d4 d5 3. Nd2 dxe4 4. Nxe4 Nd7 5. Nf3 Ngf6 6. Ng3 c5 7. dxc5 Bxc5 8.
Bd3 O-O 9. O-O Qc7 10. Qe2 b6 11. h4 Qxg3 12. Kh1 Qg4 13. b3 Bb7 14. Bb2 Bxf3
15. Qxf3 Qxh4+ 16. Kg1 Ng4 17. Qh3 Qxh3 18. gxh3 Nge5 19. Be4 Rac8 20. Kh2 Nc6
21. Rg1 Bd6+ 22. Kh1 Be5 23. Bxe5 Ndxe5 24. f4 Ng6 25. Raf1 Nd4 26. c4 Ne2 0-1

[Event "South Wales New Year 2020"]
[Site "Bridgend"]
[Date "2020.01.05"]
[Round "5.15"]
[White "Denham-Kennedy, Colin"]
[Black "Chung, Joel"]
[Result "1-0"]
[WhiteElo "1638"]
[BlackElo "1486"]
[PlyCount "61"]
[EventDate "2020.01.03"]
[EventType "swiss"]
[EventRounds "5"]
[EventCountry "WLS"]
[SourceDate "2020.01.04"]

1. Nf3 Nf6 2. d4 d5 3. Bf4 Bf5 4. Nbd2 e6 5. e3 c5 6. Bxb8 Rxb8 7. Bb5+ Nd7 8.
Ne5 Ke7 9. Nxd7 Rc8 10. Nxc5 f6 11. Ba4 Qa5 12. c3 Kf7 13. b4 Qc7 14. Bc2 Bxc2
15. Qxc2 b6 16. Na4 Bxb4 17. a3 Bxc3 18. Nxc3 Qxc3 19. Qxc3 Rxc3 20. O-O Rhc8
21. Ra2 Rc2 22. Rfa1 R2c3 23. g3 e5 24. dxe5 fxe5 25. Nf3 Kf6 26. Kg2 e4 27.
Nd4 R3c5 28. a4 a6 29. Rb2 Ra5 30. Rxb6+ Kf7 31. Nb3 1-0